=LDR 00000nam 2200000 4500 =001 INLIS000000000002554 =005 20130612090901 =008 ***********************************Ind** =035 ##$$0010-061300000002554 =041 ##$$a Ind =082 ##$$a 616.992 =090 ##$$a 616.992, Atm p =100 ##$$a Atmojo, Andoko Prawiro =245 ##$$a Patologi neoplasi dan neoplasma, Andoko Prawiro Atmojo =260 ##$$a 1988 $b Jakarta =300 ##$$a xi,128 hlm, ilus, 28 cm =650 ##$$a Tumor =850 ##$$a NBPNMAT